00610nam a2200145 i 4500001000700000003000900007005001700016008004100033040002000074245014000094260006900234300002100303651006400324852007600388161976ES-MaACL20240229062728.0041025s1811 xxk |||| | fre d aCAM bspa cCAM00aPertes des françois en Espagne et coup d'oeil sur les principaux evenemens de la Guerre dans la Peninsule jusqu'a la fin de mai 1811. aLondres : b[s.n., c1811?] (fImprimerie de T. Harper le Jeune) a33 p. ; c21 cm. 4aEspaña-xHistoria-y1808-1814, Guerra de la Independencia aES-MaACLjFol-Laf-413 z-- Sin enc. z-- Legado de Modesto de la Fuente